Phân tích thị trường tài chính

Na minha lista:
Detalhes bibliográficos
Autor principal: Blake, David, 1954-
Formato: Livro
Publicado em: Thống kê 2001
Tags: Adicionar Tag
Sem tags, seja o primeiro a adicionar uma tag!
Thư viện lưu trữ: Mạng thư viện Đại học Đà Nẵng
LEADER 00633nam a2200229 a 4500
001 000029390
003 16298
005 20171030145630.0
008 171030s2001
020 |c 90000 
040 |a LTT 
082 0 |a 332  |b BL-D 
100 1 |a Blake, David, 1954- 
245 0 0 |a Phân tích thị trường tài chính  |c David Blake ; Thái Việt, Minh Khương, Tùng Lâm dịch ; Vũ Trọng Khải hiệu đính. 
260 |b Thống kê  |c 2001 
OWN |a LTT 
999 |a From the UDN01 
TYP |a Monograph 
TYP |a Printed language 
980 |a Mạng thư viện Đại học Đà Nẵng